00695 a2200193 4500020001000000035001300010037004300023082000600066090001500072100002600087245006000113260003900173270008800212300002300300490002600323942002100349999001500370952011600385 c75.00 aB-211046 bRP-PV-4 / PANSY-07-08:5 / RP-07-08:ENG14aN c3769d37691 aGardner, Erle Stanley1 aThe case of the Fugitive Nursecby Erle Stanley Gardner aBangalorebMaster Mind Booksc2001 aNo. 25, Vasan Towers, Dr. TCM Royan Raode560053k080-26705679mvasanbks@bgl.net.in a216 pc18 cm (pbk) aA perry mason mystery adplcENkN / GAR c3691d3691 00102ddc407-18FICaZLSbZLSg75.00l0oN GARpB-211046r2008-09-15 00:00:00t1u3928v75.00w2008-09-15yEN